000 00555nam a2200241 a 4500
001 nice12345678
003 IN_TiNIC
005 20260116011425.0
008 050524s1930 laha grp 000 0 urd
020 _a
_c100
082 0 0 _a244
_bTRO
100 _aTrotter,
245 _aBaad-Bagola
260 _aLahore
_bPunjab Religious Booksociety
_c1930
300 _a16p
500 _aincludes index and biblioraphy
505 2 _areference
650 _aBible Stories
700 1 _aTrotter,
902 _bRBA
942 _cBK
999 _c1408
_d1408